[Event "Osijek-ch op"]
[Site "Osijek"]
[Date "2014.02.21"]
[Round "4"]
[White "Benes, Bedrich"]
[Black "Radman, Marijan"]
[Result "0-1"]
[WhiteElo "1996"]
[BlackElo "1737"]
[PlyCount "84"]
[EventDate "2014.02.20"]
[EventType "swiss"]
[EventRounds "7"]
[EventCountry "CRO"]
[SourceTitle "CBM 159 Extra"]
[Source "ChessBase"]
[SourceDate "2014.04.24"]
[SourceVersion "1"]
[SourceVersionDate "2014.04.24"]
[SourceQuality "1"]

1. d4 e6 2. e4 d5 3. e5 c5 4. Nf3 Nc6 5. c3 Qb6 6. Bd3 Bd7 7. Bc2 cxd4 8. cxd4 Nb4 9. 0-0 Rc8 10. Nc3 Nxc2 11. Qxc2 Bb4 12. Bd2 Bb5 13. Rfe1 Ne7 14. a3 Bxc3 15. Bxc3 Nf5 16. Qd2 Ba4 17. Bb4 Rc2 18. Qg5 Qd8 19. Rac1 Qxg5 20. Nxg5 Nxd4 21. Rxc2 Nxc2 22. Rc1 h6 23. Nf3 Kd7 24. Ne1 Nxe1 25. Bxe1 Rc8 26. Rxc8 Kxc8 27. f4 d4 28. Kf2 d3 29. Ke3 Bc2 30. Bb4 g6 31. Bd2 Kd7 32. h4 h5 33. Kd4 Kc6 34. Kc4 a6 35. Kd4 Kb5 36. Bc3 b6 37. Bd2 Ka4 38. Kc4 b5+ 39. Kc5 Kb3 40. Bc3 Bd1 41. Kb6 Be2 42. Kxa6 b4 0-1

[Event "Osijek-ch op"]
[Site "Osijek"]
[Date "2014.02.21"]
[Round "3"]
[White "Martinovic, Zvonimir"]
[Black "Benes, Bedrich"]
[Result "1/2-1/2"]
[WhiteElo "1765"]
[BlackElo "1996"]
[PlyCount "104"]
[EventDate "2014.02.20"]
[EventType "swiss"]
[EventRounds "7"]
[EventCountry "CRO"]
[SourceTitle "CBM 159 Extra"]
[Source "ChessBase"]
[SourceDate "2014.04.24"]
[SourceVersion "1"]
[SourceVersionDate "2014.04.24"]
[SourceQuality "1"]

1. e4 c5 2. Nf3 d6 3. d4 cxd4 4. Nxd4 Nf6 5. Nc3 g6 6. Be3 Bg7 7. f3 0-0 8. Qd2 Nc6 9. Bc4 Bd7 10. 0-0-0 Qa5 11. Kb1 Rfc8 12. Bb3 Ne5 13. g4 Nc4 14. Bxc4 Rxc4 15. h4 h5 16. gxh5 Nxh5 17. Nb3 Qc7 18. Bd4 a5 19. Bxg7 Kxg7 20. Nd5 Qd8 21. Ne3 Rcc8 22. Rdg1 a4 23. Nd4 Qa5 24. Nef5+ Bxf5 25. Nxf5+ Kf8 26. Qh6+ Ke8 27. Ng7+ Kd7 28. Nxh5 gxh5 29. Rg2 a3 30. Qg7 f6 31. Qf7 Rc5 32. Rg7 Re8 33. Rd1 axb2 34. Qxf6 Qc7 35. e5 d5 36. Qf5+ Kd8 37. Qxh5 Qc6 38. Rg6 e6 39. Rg2 Kc7 40. Qf7+ Kb6 41. h5 Ra8 42. Rd3 Rc8 43. Rb3+ Rb5 44. Rxb5+ Qxb5 45. Rg1 Rc6 46. h6 d4 47. Qg6 Qc5 48. h7 d3 49. Rg2 Qe3 50. Kxb2 Qxe5+ 51. Kb1 Qe1+ 52. Kb2 Qe5+ 1/2-1/2

[Event "Osijek-ch op"]
[Site "Osijek"]
[Date "2014.02.20"]
[Round "2"]
[White "Benes, Bedrich"]
[Black "Sasvari, Zelimir"]
[Result "0-1"]
[WhiteElo "1996"]
[BlackElo "2225"]
[PlyCount "36"]
[EventDate "2014.02.20"]
[EventType "swiss"]
[EventRounds "7"]
[EventCountry "CRO"]
[SourceTitle "CBM 159 Extra"]
[Source "ChessBase"]
[SourceDate "2014.04.24"]
[SourceVersion "1"]
[SourceVersionDate "2014.04.24"]
[SourceQuality "1"]

1. d4 c5 2. d5 e5 3. dxe6 fxe6 4. e4 Nc6 5. Nf3 Qc7 6. g3 Nf6 7. Nc3 Be7 8. Bg2 0-0 9. 0-0 a6 10. a4 Rb8 11. Bf4 d6 12. Qe2 Nd4 13. Qd3 e5 14. Bg5 Be6 15. Nd2 c4 16. Nxc4 Bxc4 17. Qd2 Bxf1 18. Bxf1 Nf3+ 0-1